000 00316pab a2200121 454500
008 180718b xxu||||| |||| 00| 0 eng d
100 _aRangarajan, C.
245 _aNew economic policy - best antipoverty measures
650 _a Poverty
650 _aEconomic Development
773 _aBusiness Standard
909 _a22592
999 _c22592
_d22592